| 000 | 01014nam a2200241 a 4500 | ||
|---|---|---|---|
| 001 | 61510 | ||
| 003 | BD-RjUL | ||
| 005 | 20211209080955.0 | ||
| 008 | 170118r19871985xxu||||| |||| 001 0 ben d | ||
| 020 |
_a8170665292 _c: IRs 30.00 |
||
| 035 | _a(BD-RjUL)61634 | ||
| 040 |
_aBD-RjUL _bben _cBD-RjUL |
||
| 041 | _aben | ||
| 082 |
_223 _a338.10954 _bRUB 1987 |
||
| 100 |
_aরুদ্র, অশোক _9171585 |
||
| 245 | 1 | 0 |
_aভারতবর্ষের কৃষি অর্থনীতি / _cঅশোক রুদ্র |
| 260 |
_aকলকাতা : _bআনন্দ পাবলিশার্স প্রাইভেট লিমিটেড, _c১৯৮৫ [মুদ্রণ ১৯৮৭] |
||
| 300 |
_a[১০], ১৪৬ পৃ. ; _c২১ সেমি. |
||
| 650 |
_aকৃষি অর্থনীতি _zভারত _9183309 |
||
| 650 |
_aAgricultural Economics _zIndia _9183310 |
||
| 700 |
_aদত্ত, ভবতোষ, সম্পাদক _9179871 |
||
| 942 |
_2ddc _cBK |
||
| 999 |
_c61510 _d61510 |
||